000 00523cam a2200217 4500
001 B2744
008 090401t1990 xxu||||| |||| 00| 0 eng d
035 _a(Sirsi) u51850
041 _aeng
050 _a333.3370942393
110 _aChesterton
_92357
245 _aBristol business space review 1989/90
260 _aLondon
_bChesterton
_c1990
300 _a28p. : ill. ; 30cm.
350 _a35
650 _aINDUSTRIAL PROPERTY
650 _aOFFICES
650 _aWAREHOUSES
942 _n0
948 _c04/03/1997
999 _c92967
_d92967